000 00853nac a22002777a 4500
001 BR8204622
003 BR-BrBNA
005 20240105115445.0
008 230509b bl.|||m| |||| 00| 0 por d
040 _aBR-BrBNA
_bpor
_cBiblioteca Nacional de Agricultura
072 _aF00; F70
090 _a1190 BR8204622
100 1 _aMattos, J.R.
110 1 _aInstituto de Pesquisas de Recursos Naturais Renovaveis "Ataliba Paz", Porto Alegre, RS (Brasil)
_96156
245 1 _aO cambucazeiro
260 3 _aPorto Alegre, RS (Brasil):
_c1982.
300 _a14 p.
490 _aPublicacao IPRNR (Brazil)
_vno. 8
_xISSN 0101-7667
500 _a6 ref.
650 _aANATOMIA VEGETAL
650 _aPRATICA CULTURAL
650 _aCAMBUCA
650 _aDISTRIBUICAO GEOGRAFICA
909 _a202312
_bLúcia Elande
_c55
_dLúcia Elande
942 _2AGRIS
_n0
_cMS
999 _c274912
_d274912